Top 15 most famous Opera songs - Statistics

General Stats
  • This quiz has been taken 4 times
  • The average score is 4 of 15
Answer Stats
Artist Answer % Correct
5 Mozart Queen of the Night
75%
9 Delibes Flower Duet
50%
3 Bizet Habanera
50%
14 Verdi La donna è mobile
50%
4 Puccini Nessun dorma
50%
15 Purcell Dido’s Lament / When I am Laid
25%
2 Rossini Largo al factotum
25%
6 Verdi Libiamo ne’lieti calici
25%
1 Puccini O mio babbino caro
25%
11 Dvorak Song to the Moon
25%
10 Offenbach Belle Nuit, ô nuit d’amour
0%
12 Handel Lascia ch’io pianga
0%
7 Handel Ombra mai fu
0%
13 Mozart Sull’aria
0%
8 Mozart Voi che sapete
0%
No matching quizzes found
Score Distribution
Percent of People with Each Score
Percentile by Number Answered
Your Score History
You have not taken this quiz